Sen a skutečnost = Dream and reality /

Hlavní autor: Sedláková, Radomíra, 1950-
Korporativní autor: Veletržní palác (Praha, Česko)
Jazyk: Čeština
Angličtina
Vydáno: V Praze : Národní galerie v Praze, 2016
Témata:
Fyzický popis: 202 stran : ilustrace (některé barevné), plány, faksimile ; 23 cm
Language note: Souběžný anglický text
Knihy
Uloženo v:
LEADER 02459nam a2200613 i 4500
001 nkc20162806312
003 CZ PrNK
005 20160929091723.0
007 ta
008 160623s2016 xr aeh e c 000 0 cze
020 |a 978-80-7035-617-3  |q (brožováno) 
040 |a OLA001  |b cze  |e rda 
041 1 |a cze  |a eng  |h eng 
043 |a e-xr---  |b e-xr-pg  |2 czenas 
045 |a x-y- 
072 7 |a 72  |x Architektura  |2 Konspekt  |9 21 
080 |a 72(437.3)  |2 MRF 
080 |a 72.036/.038  |2 MRF 
080 |a 72/76:069.5  |2 MRF 
080 |a (437.311)  |2 MRF 
080 |a (083.824)  |2 MRF 
080 |a (082.2)  |2 MRF 
100 1 |a Sedláková, Radomíra,  |d 1950-  |7 jn20000620328  |4 aut 
245 1 0 |a Sen a skutečnost =  |b Dream and reality /  |c Radomíra Sedláková 
246 3 1 |a Dream and reality 
264 1 |a V Praze :  |b Národní galerie v Praze,  |c 2016 
300 |a 202 stran :  |b ilustrace (některé barevné), plány, faksimile ;  |c 23 cm 
336 |a text  |b txt  |2 rdacontent 
336 |a statický obraz  |b sti  |2 rdacontent 
337 |a bez média  |b n  |2 rdamedia 
338 |a svazek  |b nc  |2 rdacarrier 
500 |a " 30 let sbírky architektury Národní galerie v Praze - 30 years of the architecture collection at the National Gallery in Prague : Veletržní palác 24. června - 25. září 2016"--Preliminária a tiráž 
546 |a Souběžný anglický text 
610 2 7 |a Národní galerie (Praha, Česko).  |b Sbírka architektury  |7 kn20080722001  |2 czenas 
648 7 |a 1914-2014  |7 ch967362  |2 czenas 
648 7 |a 20.-21. století  |7 ch462155  |2 czenas 
650 0 7 |a česká architektura  |7 ph128102  |y 20.-21. století  |2 czenas 
650 0 7 |a moderní architektura  |7 ph115339  |z Česko  |2 czenas 
650 0 7 |a umělecké sbírky  |7 ph135222  |z Česko  |2 czenas 
650 0 9 |a Czech architecture  |y 20th-21st centuries  |2 eczenas 
650 0 9 |a modern art  |z Czechia  |2 eczenas 
650 0 9 |a art collections  |z Czechia  |2 eczenas 
651 7 |a Praha (Česko)  |7 ge118011  |2 czenas 
651 9 |a Prague (Czechia)  |2 eczenas 
655 7 |a katalogy výstav  |7 fd132536  |2 czenas 
655 7 |a jubilejní publikace  |7 fd131839  |2 czenas 
655 9 |a exhibition catalogs  |2 eczenas 
655 9 |a jubilee books  |2 eczenas 
710 2 |a Veletržní palác (Praha, Česko)  |7 kn20050509008  |4 orm 
910 2 |a BOA001  |b 2-1372.677 
990 |a BK 
995 |a 11 
991 |b 201609  |c NOV 
996 6 |b 2610680356  |c 2-1372.677  |l MZK  |r Sklad / do 1 hodiny  |n 2  |p p.v.  |w 001576504  |u 000010  |a 1  |e BOA001  |j MZK50  |s P